Central Library OPAC University of Rajshahi

Industrial relations in Great Britain / (Record no. 2784)

MARC details
000 -LEADER
fixed length control field 01247cam a2200337 4500
001 - CONTROL NUMBER
control field 2784
003 - CONTROL NUMBER IDENTIFIER
rucl marc code BD-RjUL
005 - DATE AND TIME OF LATEST TRANSACTION
control field 20211208233622.0
008 - FIXED-LENGTH DATA ELEMENTS--GENERAL INFORMATION
fixed length control field 940401r19381938sz ab 001 0 eng d
035 ## - SYSTEM CONTROL NUMBER
System control number (OCoLC)ocm30067669
System control number (BD-RjUL)2811
System control number (NNC)1478816
040 ## - CATALOGING SOURCE
Original cataloging agency PR1
Transcribing agency PR1
Modifying agency ZCU
-- BD-RjUL
Language of cataloging eng
041 ## - LANGUAGE CODE
Language code of text/sound track or separate title eng
082 ## - DEWEY DECIMAL CLASSIFICATION NUMBER
Classification number 331.0941
Author mark and year RII 1938
100 1# - MAIN ENTRY--PERSONAL NAME
Personal name Richardson, J. Henry
Fuller form of name (John Henry),
Dates associated with a name 1890-
9 (RLIN) 7829
245 10 - TITLE STATEMENT
Title Industrial relations in Great Britain /
Statement of responsibility, etc. by J. Henry Richardson.
250 ## - EDITION STATEMENT
Edition statement 2nd ed.
260 ## - PUBLICATION, DISTRIBUTION, ETC. (IMPRINT)
Place of publication, distribution, etc. London:
Name of publisher, distributor, etc. P. S. King & son, Ltd.,
Date of publication, distribution, etc. 1938 [Impression 1938]
300 ## - PHYSICAL DESCRIPTION
Pagination xi, 290 p.
Size 24 cm.
490 1# - SERIES STATEMENT
Series statement Studies and reports. Series A ( Industrial relations) ;
Volume/sequential designation no. 36
500 ## - GENERAL NOTE
General note At head of title: International Labour Office ...
504 ## - BIBLIOGRAPHY, ETC. NOTE
Bibliography, etc Includes "Short bibliography" (p. 254-256) and index.
600 ## - SUBJECT ADDED ENTRY--PERSONAL NAME
Titles and other words associated with a name
650 ## - SUBJECT ADDED ENTRY--TOPICAL TERM
Topical term or geographic name as entry element Industrial relations
Geographic subdivision Great Britain.
9 (RLIN) 133461
Topical term or geographic name as entry element Arbitration, Industrial
Geographic subdivision Great Britain.
9 (RLIN) 168032
Topical term or geographic name as entry element Labor unions
Geographic subdivision Great Britain.
9 (RLIN) 128285
710 2# - ADDED ENTRY--CORPORATE NAME
Corporate name or jurisdiction name as entry element International Labour Organisation.
9 (RLIN) 8926
830 #0 - SERIES ADDED ENTRY--UNIFORM TITLE
Uniform title Studies and reports. Series A ( Industrial relations) ;
Volume number/sequential designation no. 36
942 ## - ADDED ENTRY ELEMENTS (KOHA)
Source of classification or shelving scheme Dewey Decimal Classification
Koha item type Books
Holdings
Lost status Source of classification or shelving scheme Damaged status Not for loan Collection code Permanent Location Current Location Shelving location Date acquired Source of acquisition Cost, normal purchase price Total Checkouts Full call number Date last seen Copy number Koha item type
  Dewey Decimal Classification   Not For Loan Non-fiction Central Library, University of Rajshahi Central Library, University of Rajshahi Reading Room 29/01/1962 Dr. A. I. Qurishi 10.00   331.0941 RII 1938 17/12/2013 C-1 Books